000 00327nam a2200133Ia 4500
008 191201s2005 xx 000 0 und d
100 _aGAYAKWAD, Ramakant
245 0 _aOp-amps and Linear Integrated Circuits
250 _a-
260 _c2005
_bPearson Education
_aN.Delhi
300 _a559
650 _aECE
942 _2ddc
_cBB
999 _c7184
_d7184